000 00748nam a2200265Ia 4500
005 20260121170000.0
008 008 260114s9999 xx 000 0 eng d
020 _a9783319323428
037 _aEBOOK
040 _aCRL
040 _beng
040 _cCRL
041 _2eng
041 _aeng
084 _qCRL
100 _aShuning Dong
_91058386
245 0 _aStudy on the Optimal Allocation of Water Resources Systems and the Comprehensive Utilization of Water Resources in Arid-Semiarid Multiple Mining Areas
260 _bSpringer
260 _bSpringer
260 _c2016
856 _uhttps://link.springer.com/openurl?genre=book&isbn=978-3-319-32342-8
942 _cEBOOK
999 _c1624115
_d1624115